000 02281nam1a2200289 i 4500
001 RU\NLR\BIBL_A\012048633
005 20241101174512.0
010 _a9785799510213
035 _a(NLR Aleph) 012048633
090 _a11639413
_c11639413
100 _a20190628g20199999u y0rusy50 ca
101 0 _arus
102 _aRU
105 _a||||j||||||||
200 1 _aПроцессы и аппараты технологии строительных материалов и изделий
_eучебное пособие
_e[для студентов направления "Строительство" профиля 08.03.01 Производство строительных материалов, изделий и конструкций, изучающих дисциплину "Процессы и аппараты технологии строительных материалов"]
_fВ.И. Трофимов
_gМинобрнауки России, Федеральное государственное бюджетное образовательное учреждение высшего образования "Тверской государственный технический университет" (ТвГТУ)
210 _aТверь
_cРедакционно-издательский центр Тверского государственного технического универистета
_d2019
215 _d20
606 _aЗаводы строительных материалов
_jУчебные издания для высших учебных заведений
_xОборудование
_9910121
_3RU\NLR\AUTH\66332188
606 1 _aСтроительные изделия
_jУчебные издания для высших учебных заведений
_xПроизводство
_92325804
_3RU\NLR\AUTH\661391161
606 1 _aСтроительные материалы
_jУчебные издания для высших учебных заведений
_xПроизводство
_91099115
_3RU\NLR\AUTH\66113019
686 1 _aН300.8я73-1
700 1 _aТрофимов
_bВ. И.
_gВалерий Иванович
852 _aNLR
_j2019-3/17271
942 _cBOOK
980 _aNBR